| 000 | 00563nam a2200169 4500 | ||
|---|---|---|---|
| 001 | 131944 | ||
| 003 | ES-MaACL | ||
| 005 | 20230906194058.0 | ||
| 007 | t| | ||
| 008 | 070214s1971 sp r ||||1| spa d | ||
| 100 | 1 |
_aRodríguez Paniagua, José María. _998717 |
|
| 245 | 1 | 0 |
_aHistoria del pensamiento jurídico / _cJosé María Rodríguez Paniagua. |
| 260 |
_aMadrid : _bUniversidad, Facultad de Derecho, _c1971. |
||
| 300 |
_a2 v. ; _c21 cm. |
||
| 710 | 2 |
_aUniversidad Central (Madrid). _bFacultad de Derecho. _97090 |
|
| 852 |
_aES-MaACL _jC-54253-4 _bR.80722 |
||
| 999 |
_c131944 _d131944 |
||